000 00595nam a2200193 a 4500
005 20140310183621.0
008 121023s19uu xx 00 eng d
020 _a9789814276917
050 _aHF 5718.22
_b.F735 2010
100 _aForsyth, Patrick
245 _a100 great presentation ideas :
_bfrom leading companies around the world /
_cPatrick Forsyth.
260 _aLondon, UK :
_bMarshall Cavendish Business,
_c2010.
300 _avi, 233 p. :
_c18 cm.
440 _a100 great ideas
521 _aBSBA
650 _aBusiness presentations
942 _cBK
_2lcc
_kFOR
999 _c25398
_d25398